Score 0/15 Timer 05:00
0 Plays Today
% Correct
Aorta
91.8%
Electrocardiogram
87.7%
Blood pressure
85.6%
Cardiac
85.6%
Pacemaker
85.6%
Rheumatic heart disease
84.2%
Vein
84.2%
Sphygmomanometer
83.6%
% Correct
Arrhythmia
81.5%
Defibrillator
80.8%
Myocardium
78.1%
Murmur
77.4%
Heart attack
76%
Septum
75.3%
Long QT Syndrome
45.9%
Remove Ads.
Support Sporcle.
Get the best of Sporcle when you Go Orange. This ad-free experience offers more features, more stats, and more fun while also helping to support Sporcle. Thank you for becoming a member.

You're not logged in!

Compare scores with friends on all Sporcle quizzes.
OR
Log In

Show Comments

Extras

Top Quizzes Today


Score Distribution

Your Account Isn't Verified!

In order to create a playlist on Sporcle, you need to verify the email address you used during registration. Go to your Sporcle Settings to finish the process.

Report this User

Report this user for behavior that violates our Community Guidelines.

Details: